000 00243nam a2200097Ia 4500
008 231207s9999 xx 000 0 und d
082 _a800
_bLIT
100 _aWaite, Harlow O.
245 0 _aLiterature for our time
260 _bHenry Holt and Company
999 _c5885
_d5885